00314pab a2200121 454500008004000000100001800040245004200058260000900100300001000109362000900119650002100128773004300149180718b1987 xxu||||| |||| 00| 0 eng d aReddy, Y.R.K. aStrategicapproach to labour relations c1987 a64-71 aJuly aLabour Relations aIndian Journal of Industrial Relations